Shirdi saibaba : (Record no. 124574)

MARC details
000 -LEADER
fixed length control field 00587nam a22002297a 4500
005 - DATE AND TIME OF LATEST TRANSACTION
control field 20170124105941.0
010 ## - LIBRARY OF CONGRESS CONTROL NUMBER
LC control number A-722494
020 ## - INTERNATIONAL STANDARD BOOK NUMBER
Terms of availability 00.00
035 ## - SYSTEM CONTROL NUMBER
System control number A-722494
037 ## - SOURCE OF ACQUISITION
Source of stock number/acquisition Cen Lib/Ret
040 ## - CATALOGING SOURCE
Original cataloging agency DPL
Language of cataloging EN
082 ## - DEWEY DECIMAL CLASSIFICATION NUMBER
Classification number 239
Edition number GUN
100 ## - MAIN ENTRY--PERSONAL NAME
Personal name Gunaki, Basavaraj
9 (RLIN) 91282
245 ## - TITLE STATEMENT
Title Shirdi saibaba :
Statement of responsibility, etc by Basavraj Gunaki
Remainder of title epic /
260 ## - PUBLICATION, DISTRIBUTION, ETC. (IMPRINT)
Place of publication, distribution, etc Karnataka
Name of publisher, distributor, etc Sai Baba Publishers
Date of publication, distribution, etc 1994
270 ## - ADDRESS
City Karnataka
300 ## - PHYSICAL DESCRIPTION
Extent 348p.
Dimensions 20cm(Hb)
500 ## - GENERAL NOTE
General note
650 ## - SUBJECT ADDED ENTRY--TOPICAL TERM
Topical term or geographic name as entry element Hinduism
Chronological subdivision
9 (RLIN) 91283
650 ## - SUBJECT ADDED ENTRY--TOPICAL TERM
Topical term or geographic name as entry element Hindus
9 (RLIN) 91284
942 ## - ADDED ENTRY ELEMENTS (KOHA)
Source of classification or shelving scheme Dewey Decimal Classification
Koha item type English Books
Classification part 239
Call number suffix GUN
Holdings
Withdrawn status Lost status Damaged status Not for loan Collection code Home library Current library Date acquired Source of acquisition Cost, normal purchase price Total Checkouts Full call number Barcode Date last seen Copy number Cost, replacement price Price effective from Koha item type
      Not For Loan Reference Central Library Central Library 17/06/2015 Cen Lib/Ret 0.00   239 GUN A-722494 17/06/2015 1 0.00 17/06/2015 English Books

© Delhi Public Library
Hit Counter
free hit counter